[Event "Tarrega Tardor op 1st"]
[Site "Tarrega"]
[Date "2015.11.06"]
[Round "6"]
[White "Angles Roca, Joel"]
[Black "Coria Gonzalez, Pedro"]
[Result "0-1"]
[WhiteElo "1554"]
[BlackElo "1880"]
[PlyCount "46"]
[EventDate "2015.10.02"]
[EventType "swiss"]
[EventRounds "8"]
[EventCountry "ESP"]
[SourceTitle "CBM 169 Extra"]
[Source "ChessBase"]
[SourceDate "2015.12.18"]
[SourceVersion "1"]
[SourceVersionDate "2015.12.18"]
[SourceQuality "1"]

1. e4 e5 2. Nf3 Nc6 3. Bb5 a6 4. Ba4 Nf6 5. d3 Bc5 6. 0-0 Qe7 7. Bg5 b5 8. Bb3 Na5 9. Nbd2 d6 10. c3 h6 11. Bh4 Nxb3 12. Nxb3 Bb6 13. h3 g5 14. Bg3 Nh5 15. Bh2 g4 16. hxg4 Bxg4 17. a4 Rg8 18. Kh1 Qe6 19. Nbd2 Ke7 20. Qe2 Qg6 21. Rg1 Nf4 22. Qd1 Bxf2 23. Rf1 Bh3 0-1

[Event "Vallfogona Hostal Nou op"]
[Site "Vallfogona de Balaguer"]
[Date "2014.05.10"]
[Round "3"]
[White "Badia Torra, Jaume"]
[Black "Coria Gonzalez, Pedro"]
[Result "1-0"]
[WhiteElo "2010"]
[BlackElo "1835"]
[PlyCount "65"]
[EventDate "2014.04.26"]
[EventType "swiss"]
[EventRounds "8"]
[EventCountry "ESP"]
[SourceTitle "EXT 2015"]
[Source "ChessBase"]
[SourceDate "2014.11.20"]
[SourceVersion "1"]
[SourceVersionDate "2014.11.20"]
[SourceQuality "1"]

1. c4 e5 2. Nc3 Bc5 3. e3 Nc6 4. g3 Nf6 5. Bg2 Nb4 6. d3 Nc6 7. Nge2 Ne7 8. d4 exd4 9. exd4 Bb4 10. 0-0 h6 11. a3 Bxc3 12. Nxc3 c6 13. Re1 0-0 14. b3 d6 15. Bb2 d5 16. Qd2 Bf5 17. h3 Re8 18. Re5 Be6 19. cxd5 Nexd5 20. Ree1 Nxc3 21. Qxc3 Bd5 22. Rxe8+ Qxe8 23. Re1 Qd7 24. Re5 Re8 25. f3 Re6 26. h4 Qe7 27. Bh3 Rxe5 28. dxe5 Nh5 29. Kh2 f6 30. Bg4 Qf7 31. Bxh5 Qxh5 32. exf6 gxf6 33. Qxf6 1-0

[Event "Mollerussa op-B"]
[Site "Mollerusa"]
[Date "1997.??.??"]
[Round "4"]
[White "Gutierrez Martos, Ferran"]
[Black "Coria Gonzalez, Pedro"]
[Result "1/2-1/2"]
[WhiteElo "1915"]
[BlackElo "1975"]
[PlyCount "67"]
[EventDate "1997.??.??"]
[EventType "swiss"]
[EventRounds "8"]
[EventCountry "ESP"]
[SourceTitle "EXT 2003"]
[Source "ChessBase"]
[SourceDate "2002.11.25"]
[SourceVersion "1"]
[SourceVersionDate "2002.11.25"]
[SourceQuality "1"]

1. d4 d6 2. g3 g6 3. e4 Bg7 4. Bg2 c6 5. Ne2 Nd7 6. 0-0 Nb6 7. f4 Nf6 8. a4 a5 9. Na3 0-0 10. c4 Bg4 11. Re1 e6 12. h3 Bxe2 13. Rxe2 Ne8 14. Be3 Nc7 15. e5 d5 16. Rc1 Nxc4 17. Nxc4 dxc4 18. Rxc4 Nd5 19. Bc1 Rc8 20. Qb3 b6 21. Rec2 c5 22. dxc5 bxc5 23. Rxc5 Rb8 24. Rb5 Nb4 25. Rd2 Qc7 26. Qc3 Qa7+ 27. Kh2 Rfc8 28. Rxb8 Qxb8 29. Qe3 Rxc1 30. Rd7 Rc7 31. Rd4 Bf8 32. Qd2 Qa8 33. Rd8 Rc8 34. Qd6 1/2-1/2